| 000 | 01534nam a2200373Ia 4500 | ||
|---|---|---|---|
| 001 | ebr10619727 | ||
| 003 | CaPaEBR | ||
| 006 | m u | ||
| 007 | cr cn||||||||| | ||
| 008 | 000321s2000 alu sb 001 0 eng d | ||
| 010 | _z 00008739 | ||
| 020 | _z0817310487 (hc : acid-free) | ||
| 020 | _z0817311645 (pbk) | ||
| 020 | _z9780817310486 (hc : acid-free) | ||
| 020 | _z9780817311643 (pbk) | ||
| 020 | _z9780817313579 | ||
| 040 |
_aCaPaEBR _cCaPaEBR |
||
| 035 | _a(OCoLC)801412955 | ||
| 050 | 1 | 4 |
_aJF1601 _b.R58 2000eb |
| 082 | 0 | 4 |
_a328.73/07456 _221 |
| 100 | 1 | _aRosenbloom, David H. | |
| 245 | 1 | 0 |
_aBuilding a legislative-centered public administration _h[electronic resource] : _bCongress and the administrative state, 1946-1999 / _cDavid H. Rosenbloom. |
| 260 |
_aTuscaloosa : _bUniversity of Alabama Press, _cc2000. |
||
| 300 | _axiv, 199 p. | ||
| 504 | _aIncludes bibliographical references (p. [173]-187) and index. | ||
| 533 |
_aElectronic reproduction. _bPalo Alto, Calif. : _cebrary, _d2011. _nAvailable via World Wide Web. _nAccess may be limited to ebrary affiliated libraries. |
||
| 610 | 1 | 0 |
_aUnited States. _bCongress. |
| 650 | 0 |
_aAdministrative agencies _zUnited States. |
|
| 650 | 0 |
_aAdministrative law _zUnited States. |
|
| 651 | 0 |
_aUnited States _xPolitics and government _y20th century. |
|
| 655 | 7 |
_aElectronic books. _2local |
|
| 710 | 2 | _aebrary, Inc. | |
| 856 | 4 | 0 |
_uhttp://site.ebrary.com/lib/rucke/Doc?id=10619727 _zAn electronic book accessible through the World Wide Web; click to view |
| 999 |
_c74791 _d74791 |
||